000
00325nam a22001337a 4500
008
250319b |||||||| |||| 00| 0 eng d
020
_a
9789352691777
050
_a
JZ5538
_b
.S56
100
_a
SINGH, Arimardan
245
_a
International Relations
260
_a
India
_b
Random Publication
300
_a
vi, 316p.
942
_c
BK
999
_c
2450
_d
2450